| 000 | 00728nam a2200205Ia 4500 | ||
|---|---|---|---|
| 003 | IN-BaIIA | ||
| 008 | 211028s9999 xx 000 0 eng d | ||
| 020 | _a0-7354-0335-X | ||
| 040 | _cIIA Library | ||
| 080 |
_a(058):061:53+52+550.3 _bDIR |
||
| 110 |
_aAmerican Institute of Physics _92416 |
||
| 245 | 0 |
_aDirectory of physics, astronomy, and geophysics staff _cAmerican Institute of Physics |
|
| 260 |
_aMaryland _bAmerican Institute of Physics _c2006 |
||
| 300 | _avii, 646p. | ||
| 650 |
_aAstronomers -Directory _917054 |
||
| 650 |
_aGeophysicist - Directory _931624 |
||
| 650 |
_aReaserch institutes- Directory _931625 |
||
| 650 |
_aUniversity and Colleges- Directory _931626 |
||
| 942 | _cBK | ||
| 999 |
_c16920 _d16920 |
||